00695nam a2200193Ia 450000500170000000800410001702000150005804000190007304100120009208200130010410000160011724502320013326000440036530000140040950400250042365000100044865100330045885000100049120230117110455.0131103s9999 xx 000 0 und d a8175362030 aLoreto College aEnglish a954bOAT aOaten, E.F. aEuropean travellers in Indiab During the fifteenth, sixteenth and seventeent;h centuries, the evidence afforded by them with respect to Indian social institutions and the nature and influence of Indian governments cE.F. Oaten aDelhibLow Price Publicationsc2000 rep axiv,271p  aFirst published 1909 aIndia aEuropean Travellers in India aLCLIB